000 00552nam a2200193Ia 4500
003 OSt
005 20250930103052.0
008 210210b1998 xxu||||| |||| 00| 0 eng d
040 _cAL
041 _aKannada
082 _aK894.3 VIJK
100 _aVIJAYASHRI.
_dವಿಜಯಶ್ರೀ
_9240997
245 _aKattu hisukida kogile.
_bಕತ್ತು ಹಿಸುಕಿದ ಕೋಗಿಲೆ
260 _aShivamogga
_bRavindra Pustakalaya
_c1998
300 _avi,204
690 _aKannada Fiction
_9240998
906 _aSG02846
942 _2ddc
_cSG
999 _c113923
_d113923